000 00615nam a2200229Ia 4500
003 OSt
005 20221007064916.0
006 a|||||r|||| 00| 0
007 ta
008 221006b |||||||| |||| 00| 0 eng d
024 _a3,934
037 _cTextual
040 _aFLL
_cFLL
_beng
041 _2eng
_aeng
082 _aZ2,5(X5), N3
100 _aJaspal Singh
245 0 _aHandbook of socio-economic offences
260 _aDelhi
_bPioneer Books India
_c1993
650 _aSocio-economic offences
_9686444
942 _hZ2,5(X5), N3
_cTEXL
_2CC
999 _c1135705
_d1135705